Resultados crucero Cimar-Fiordo 2: resúmenes ampliados

Guardado en:
Detalles Bibliográficos
Autor Corporativo: Comité Oceanográfico Nacional (Autor)
Formato: Libro
Lenguaje:español
Publicado: Valparaíso Comité Oceanográfico Nacional 1997
Materias:
Etiquetas: Agregar Etiqueta
Sin Etiquetas, Sea el primero en etiquetar este registro!

MARC

LEADER 00000nam a2200000 a 4500
001 UCO7129
003 CL-VaPUC
008 001110e19970000CL |||||||||||||||||spa|d
082 0 4 |a 551.46  |b COM  |2 21 
110 2 |a Comité Oceanográfico Nacional  |e author  |9 451817 
245 1 0 |a Resultados crucero Cimar-Fiordo 2: resúmenes ampliados 
300 |a 102 p 
942 |c BK 
945 |d 20001110 00:00:00  |a vberengu 
260 |a Valparaíso  |b Comité Oceanográfico Nacional  |c 1997 
650 0 |a Ecosistemas acuáticos   |9 343699 
650 0 |a Fitoplancton   |9 261810 
650 7 |a GEOMORFOLOGIA SUBMARINA  |2 CL-VaPUC  |9 451818 
650 0 |a Investigación científica  |9 259857 
650 0 |a Oceanografía  |9 260014 
650 0 |a Oceanografía física  |9 339696 
650 7 |a OCEANOGRAFIA QUIMICA  |2 CL-VaPUC  |9 451819 
650 7 |a PECES  |2 CL-VaPUC  |9 451820 
650 0 |a Sedimentos marinos   |9 260001 
650 0 |a Zooplancton  |9 261816 
651 0 |a Estrecho de Magallanes  |9 354479 
651 7 |a GOLFO DE PENAS  |2 CL-VaPUC  |9 451821 
583 |a last modification  |c 20001110 00:00:00  |k Rodrigo Vera 
999 |c 292331  |d 292329 
952 |0 0  |1 0  |2 ddc  |4 0  |6 551_460000000000000_COM_1997  |7 0  |8 P  |9 343123  |a BIBCUR  |b BIBCUR  |c PAC  |d 2019-11-20  |i 3634981  |o 551.46 COM 1997  |p 3634981  |r 2025-04-22  |w 2019-11-20  |y BK  |k CIM